| 000 | 01284nam a2200337 i 4500 | ||
|---|---|---|---|
| 001 | 016689496 | ||
| 003 | EG-ScBUE | ||
| 005 | 20220918100036.0 | ||
| 008 | 141124s2014 vraa f d 001 0 eng d | ||
| 020 | _a9781864705522 (hbk.) | ||
| 040 |
_aStDuBDS _beng _erda _cStDuBDS _dStEdNL _dEG-ScBUE |
||
| 082 | 0 | 4 |
_a720.47 _222 _bGRE |
| 245 | 0 | 0 |
_aGreen walls green roofs : _bdesigning sustainable architecture / _cedited by Gina Tsarouhas ; foreword by Matthew Dillon. |
| 264 | 1 |
_aMulgrave, Australia : _bImages Publishing, _c2014. |
|
| 300 |
_a224 pages : _bphotographs ; _c26 cm |
||
| 336 |
_2rdacontent _atext _btxt |
||
| 337 |
_2rdamedia _aunmediated _bn |
||
| 338 |
_2rdacarrier _avolume _bnc |
||
| 500 | _aIncludes index. | ||
| 500 | _aIncludes glossary. | ||
| 650 | 7 |
_aGreen roofs (Gardening) _vPictorial works. _2BUEsh _937536 |
|
| 650 | 7 |
_aSustainable architecture _vPictorial works. _937543 _2BUEsh |
|
| 650 | 7 |
_aGreen roofs (Gardening) _937536 _vPictorial works. _2BUEsh |
|
| 650 | 7 |
_aVertical gardening _vPictorial works. _937538 _2BUEsh |
|
| 651 | _2BUEsh | ||
| 653 |
_bENGGEN _bENGARC _cMarch2015 |
||
| 655 |
_vReading book _934232 |
||
| 700 | 1 |
_aTsarouhas, Gina, _eeditor. _937541 |
|
| 700 | 1 |
_aDillon, Matt _eauthor of introduction, etc. _937542 |
|
| 942 |
_2ddc _k720.47 GRE _cBB |
||
| 999 |
_c19138 _d19110 |
||